000 00780cam a22002651 4500
001 31336
003 BD-RjUL
005 20211209051704.0
008 140415t1923 enk 000 0 eng d
035 _a(BD-RjUL)31423
035 _a(OCoLC)1036726
040 _aDLC
_cOCB
_dDLC
_dBD-RjUL
_beng
041 _aeng
082 0 0 _a230
_bGAP 1923
100 1 _aGardner, Percy,
_d1846-1937.
_995366
245 1 4 _aThe practical basis of Christian belief :
_ban essay in reconstruction /
260 _aLondon :
_bWilliams & Norgate,
_c1923.
300 _axxiv, 288 p. ;
_c22 cm.
650 0 _aChristianity
_xPhilosophy.
_9266
650 0 _aPhilosophy and religion.
_92766
650 0 _aTheology, Doctrinal.
_995367
942 _2ddc
_cBK
999 _c31336
_d31336